00000000nam##2200000za#4500
0019.683091
003CaOODSP
00520220224110927
007ta
008150407|2005||||xxc|||||     f|0| 0 fre|d
020 |a0-662-70742-7
040 |aCaOODSP|bfre
043 |an-cn---
0861 |aFo134-1/2005F
1101 |aCanada.|bRessources naturelles Canada. |bService canadien des forêts.
24510|aStatégie canadienne en matière de feux de forêt : |bvision pour une approche innovatrice et intégrée pour la gestion des risques / |cPublié par le Centre de foresterie du Nord. Rapport préparé à l'intention du Conseil canadien des ministres des Forêts par le Groupe de travail des sous-ministres adjoints sur la Stratégie canadienne en matière de feux de forêt.
260 |aEdmonton - Alberta : |bRessources naturelles Canada. |c2005.
300 |avi, 18p. : |bill. en couleur, graphiques, carte ; |c28 cm.
500 |aComprend une feuille pliée intitulée "Stratégie canadienne en matière de feux de forêt, déclaration".
5203 |aLe présent rapport brosse le portrait actuel du dossier des feux de forêt et de leur gestion au Canada, propose une vision de la situation future visée et formule des recommandations sur la manière d’amorcer les changements qui seront nécessaires au cours des dix prochaines années.
563 |aCouverture souple
590 |a06-26|b2006-06-30
69107|aIncendie de forêt|2gcpds
7102 |aConseil canadien des ministres des forêts.
77508|tCanadian wildland fire strategy : |w(CaOODSP)9.649964
7760#|tStatégie canadienne en matière de feux de forêt : |w(CaOODSP)9.632388